AH International Schools' Libraries

Play better games: (Record no. 47728)

MARC details
000 -LEADER
fixed length control field 00384nam a2200121 4500
020 ## - INTERNATIONAL STANDARD BOOK NUMBER
International Standard Book Number 9780863888212
100 ## - MAIN ENTRY--PERSONAL NAME
Personal name Conn, Carmel
9 (RLIN) 85559
245 ## - TITLE STATEMENT
Title Play better games:
Remainder of title enabling children with autism to join in with everyday games /
Statement of responsibility, etc Carmel Conn
260 ## - PUBLICATION, DISTRIBUTION, ETC. (IMPRINT)
Place of publication, distribution, etc UK
Name of publisher, distributor, etc Speechmark Publishing
Date of publication, distribution, etc 2010
300 ## - PHYSICAL DESCRIPTION
Extent 164 p.
Other physical details col. ill.
Dimensions 30 cm.
650 ## - SUBJECT ADDED ENTRY--TOPICAL TERM
Topical term or geographic name as entry element Play games
9 (RLIN) 85560
942 ## - ADDED ENTRY ELEMENTS (KOHA)
Source of classification or shelving scheme
Koha item type Book
Holdings
Withdrawn status Lost status Source of classification or shelving scheme Damaged status Not for loan Collection code Home library Current library Shelving location Date acquired Total Checkouts Full call number Barcode Date last seen Price effective from Koha item type
          TEACHERS' RESOURCES Asian Hope Primary Library Asian Hope Primary Library Non Fiction 11/01/2024   618.928 CON 204775 11/01/2024 11/01/2024 Book

For any Logos Library related questions please contact Miss Art at swongnarasuk@asianhope.org.

For any Asian Hope Library related questions please contact Miss Raza at graza@asianhope.org.

Powered by Koha